00691nam a2200241 i 4500001000700000003000900007005001700016007000300033008004100036080001400077080002300091100001900114245005500133250001300188260005600201300002600257490002700283500004300310600002200353650001400375830002700389852003300416104893ES-MaACL20230906183722.0t|060523s1944 fr ||||1| fre d a17.036.22 a1 Pirrón de Elea1 aRobin, Léon.10aPyrrhon et le scepticisme grec / cpar Leon Robin. a1er. ed. aParis : bPresses Universitaires de France, c1944. aVI, 255 p. ; c23 cm.1 aLes grands philosophes aBiblioteca Jacinto Martínez Lacalle.14aPirrón de Elea.14aEstoicos.0 aLes grands philosophes aES-MaACLjE-11212 bR.138901